Datum a čas kvízu
31
Celkem bodů
Celkový počet nahraných bodů na tomto kvízu bez doplňovacích otázek.
2.
Pořadí na kvízu
Konečné umístění týmu na tomto kvízu.
Zaznamenané odpovědi
| # | Otázka | Odpověď | Body | Výsledky |
|---|---|---|---|---|
| 1. | Minulý týden překročila hranic... | Dan Přibáň, Mongolsko | 0 | |
| 2. | Na českém internetu se objevil... | vrtulník | 1 | |
| 3. | Ve zprávách se minulý týden ob... | Čečensko | 0 | |
| 4. | Andrej Babiš se na sociálních... | Věra Jourová | 0 | |
| 5. | MMA zápasník Jiří Procházka si... | Las Vegas, Aleksandar Rakić | 1 | |
| 6. | V pěti otázkách tohoto tématu... | halit | 1 | |
| 7. | Jaká je denní dávka kuchyňské... | B | 1 | |
| 8. | Kala namak je zvláštním druhem... | A) černá | 1 | |
| 9. | Nejen lidé, ale i zvířata potř... | liz | 1 | |
| 10. | Chcete-li si užít blahodárného... | D) Bad Ischl | 1 |